| 000 | 00339nam a2200097Ia 4500 | ||
|---|---|---|---|
| 008 | 180130s9999 xx 000 0 und d | ||
| 245 |
_cYalom, Irvin _aExistential psychotherapy: "if rape were legal..." |
||
| 260 | _c2014 | ||
| 300 | _aBook title: Case studies in psychotherapy--Acession number C19075; pages 103-114 | ||
| 650 | _aPSYCHOTHERAPY | ||
| 999 |
_c353932 _d353932 |
||